[Event "Pozarevac Rudar IM 04"]
[Site "Pozarevac"]
[Date "2024.04.14"]
[Round "5"]
[White "Isanzhulov, Arystan"]
[Black "Ilincic, Zlatko"]
[Result "0-1"]
[WhiteElo "2407"]
[BlackElo "2262"]
[PlyCount "82"]
[EventDate "2024.04.10"]
[EventType "tourn"]
[EventRounds "9"]
[EventCountry "SRB"]
[EventCategory "1"]
[SourceTitle "CB17_2024"]
[SourceDate "2024.04.24"]
[SourceVersion "1"]
[SourceVersionDate "2024.04.24"]
[SourceQuality "1"]

1. e4 c5 2. Nf3 g6 3. d4 cxd4 4. Nxd4 Bg7 5. c4 Nc6 6. Be3 Nf6 7. Nc3 Ng4 8. Qxg4 Nxd4 9. Qd1 Ne6 10. Be2 Qa5 11. Rc1 d6 12. 0-0 0-0 13. Qd2 Re8 14. Rfd1 Bd7 15. c5 Bc6 16. cxd6 exd6 17. Nb5 Qxa2 18. e5 Bxe5 19. Bc4 Qxb2 20. Rc2 Bxh2+ 21. Kh1 Qe5 22. Bxe6 Rxe6 23. Nd4 Qh5 24. Qe2 Qh4 25. Nf3 Bxf3 26. Qxf3 Bf4+ 27. Kg1 Qh2+ 28. Kf1 Bxe3 29. fxe3 Rae8 30. Rc7 R8e7 31. Rxb7 Rxb7 32. Qxb7 Qh1+ 33. Ke2 Rxe3+ 34. Kxe3 Qxd1 35. Qb8+ Kg7 36. Qb2+ Kh6 37. Qb7 Qc1+ 38. Ke2 Qc4+ 39. Kf2 a5 40. Qe7 Qd4+ 41. Kf1 Kg7 0-1

[Event "Moscow Aeroflot op-A"]
[Site "Moscow"]
[Date "2024.03.06"]
[Round "7"]
[White "Ohanyan, Emin"]
[Black "Isanzhulov, Arystan"]
[Result "1-0"]
[WhiteElo "2489"]
[BlackElo "2404"]
[PlyCount "91"]
[EventDate "2024.03.03"]
[EventType "swiss"]
[EventRounds "9"]
[EventCountry "RUS"]
[SourceTitle "CB11_2024"]
[SourceDate "2024.03.13"]
[SourceVersion "1"]
[SourceVersionDate "2024.03.13"]
[SourceQuality "1"]

1. d4 Nf6 2. c4 e6 3. Nf3 d5 4. g3 Nc6 5. Bg2 Bb4+ 6. Nbd2 0-0 7. 0-0 Rb8 8. Qc2 dxc4 9. Nxc4 Nxd4 10. Nxd4 Qxd4 11. Rd1 Qc5 12. a3 b5 13. axb4 Qxc4 14. Qxc4 bxc4 15. Be3 Bd7 16. Bxa7 Rb5 17. Bc5 Rc8 18. g4 h6 19. h4 Be8 20. g5 hxg5 21. hxg5 Nd5 22. Bxd5 exd5 23. Rxd5 Rbb8 24. f3 Bc6 25. Rd4 Rd8 26. Rxc4 Bb5 27. Re4 Kh7 28. Re7 Kg6 29. Ra7 Rbc8 30. Kf2 Rd2 31. b3 Rd7 32. e4 Rxe7 33. Bxe7 c6 34. f4 f6 35. gxf6 gxf6 36. f5+ Kf7 37. Bd8+ Kg8 38. Bxf6 Bd3 39. Ke3 Bc2 40. Kf4 Rb8 41. e5 Rxb4+ 42. Kg5 Bxb3 43. e6 Rb8 44. Rg7+ Kf8 45. Rh7 Bxe6 46. fxe6 1-0

[Event "Wch Blitz"]
[Site "Samarkand"]
[Date "2023.12.30"]
[Round "17"]
[White "Cheparinov, Ivan"]
[Black "Isanzhulov, Arystan"]
[Result "1/2-1/2"]
[WhiteElo "2663"]
[BlackElo "2407"]
[PlyCount "225"]
[EventDate "2023.12.29"]
[EventType "swiss (blitz)"]
[EventRounds "21"]
[EventCountry "UZB"]
[SourceTitle "CB01_2024"]
[SourceDate "2024.01.03"]
[SourceVersion "1"]
[SourceVersionDate "2024.01.03"]
[SourceQuality "1"]

1. e4 c5 2. Nf3 Nc6 3. Bb5 g6 4. 0-0 Bg7 5. Bxc6 dxc6 6. d3 Qc7 7. Qe2 e5 8. a4 a5 9. Be3 b6 10. Nfd2 Be6 11. Nc3 Nf6 12. f4 exf4 13. Bxf4 Qd8 14. Be5 0-0 15. Qf3 Ng4 16. Bxg7 Kxg7 17. h3 Qd4+ 18. Kh1 Ne5 19. Qf6+ Kg8 20. Nf3 Nxf3 21. Rxf3 Rad8 22. b3 Qxf6 23. Rxf6 Rfe8 24. Raf1 Re7 25. Kh2 Kg7 26. g4 Rh8 27. R6f2 Rd8 28. Kg3 Bd7 29. Nd1 b5 30. Nb2 Be6 31. Ra1 Rd4 32. axb5 cxb5 33. Rxa5 Rb4 34. Nd1 Rd7 35. Rf3 c4 36. bxc4 bxc4 37. Rc5 cxd3 38. cxd3 Rbd4 39. Nf2 Ba2 40. Rb5 h6 41. Re3 Be6 42. Rc5 Ra4 43. Rc2 Ra1 44. Kg2 Ra5 45. Rd2 Rd4 46. Rg3 h5 47. Kf3 Kf6 48. Ke3 Raa4 49. gxh5 gxh5 50. h4 Rdb4 51. Rg5 Ra1 52. Rxh5 Rg1 53. Kf3 Rbb1 54. Rc5 Rbf1 55. Ke2 Re1+ 56. Kf3 Ref1 57. Rg5 Rh1 58. d4 Rxh4 59. Rg3 Bd7 60. Ke3 Ke7 61. Rf3 Re1+ 62. Re2 Ra1 63. Rd2 Bb5 64. Rf4 Ra3+ 65. Nd3 Rxf4 66. Kxf4 Rxd3 67. Rb2 Bd7 68. d5 Rh3 69. Ke5 Rh5+ 70. Kd4 Rh4 71. Ke3 Kd6 72. Rf2 Be8 73. Rf6+ Ke7 74. Ra6 Bd7 75. Rb6 Bh3 76. Rb7+ Kf6 77. e5+ Kxe5 78. Rxf7 Kxd5 79. Rf4 Rh8 80. Rd4+ Kc5 81. Re4 Bd7 82. Re5+ Kd6 83. Re4 Bc6 84. Rd4+ Ke5 85. Rc4 Rh3+ 86. Kd2 Be4 87. Rb4 Rg3 88. Rb2 Bd3 89. Kc3 Rh3 90. Rd2 Be4+ 91. Kb2 Bd5 92. Kc2 Kd6 93. Rd3 Rh2+ 94. Kc3 Kc5 95. Re3 Ra2 96. Kd3 Ra7 97. Kc3 Ra1 98. Kb2 Rd1 99. Kc3 Rd4 100. Rd3 Rc4+ 101. Kd2 Rh4 102. Kc3 Rh2 103. Re3 Rg2 104. Kd3 Rf2 105. Kc3 Bc6 106. Re5+ Kd6 107. Re3 Rf4 108. Kd3 Bb5+ 109. Kc3 Kd5 110. Rg3 Rc4+ 111. Kd2 Kc5 112. Rc3 Rxc3 113. Kxc3 1/2-1/2

[Event "Wch Blitz"]
[Site "Samarkand"]
[Date "2023.12.29"]
[Round "5"]
[White "Shimanov, Aleksandr"]
[Black "Isanzhulov, Arystan"]
[Result "1-0"]
[WhiteElo "2578"]
[BlackElo "2407"]
[PlyCount "109"]
[EventDate "2023.12.29"]
[EventType "swiss (blitz)"]
[EventRounds "21"]
[EventCountry "UZB"]
[SourceTitle "CB01_2024"]
[SourceDate "2024.01.03"]
[SourceVersion "1"]
[SourceVersionDate "2024.01.03"]
[SourceQuality "1"]

1. d4 Nf6 2. Bg5 e6 3. Nd2 c5 4. c3 Be7 5. e4 h6 6. Bxf6 Bxf6 7. dxc5 Qc7 8. Nb3 0-0 9. Nf3 Be7 10. Qd4 Nc6 11. Qe3 b6 12. cxb6 axb6 13. Bd3 Bb7 14. 0-0 Bd6 15. a3 Rfc8 16. Rad1 Bf8 17. Rfe1 Ne7 18. Nbd4 Ng6 19. e5 Bc5 20. Be4 Ra4 21. Bxb7 Qxb7 22. Qd2 Bxd4 23. Nxd4 Nh4 24. f3 Ra5 25. Nc2 Ng6 26. f4 Rd5 27. Qf2 Rxd1 28. Rxd1 Rc4 29. g3 h5 30. Qe2 Rc7 31. Qxh5 Qe4 32. Nd4 Qd5 33. Qe2 Qa2 34. Rd2 Ne7 35. Nb5 Rb7 36. Qh5 Qc4 37. Nd6 Qc5+ 38. Kf1 g6 39. Nxb7 Qc6 40. Qe2 Qh1+ 41. Kf2 Qxb7 42. Qf3 Qa7 43. Qd3 Nd5 44. c4 Nc7 45. Qxd7 b5+ 46. Qd4 Qb7 47. Qd8+ Kh7 48. Qh4+ Kg7 49. Qf6+ Kh7 50. Qxf7+ Kh6 51. Qf8+ Kh5 52. h3 Qa7+ 53. c5 g5 54. g4+ Kg6 55. Qf6+ 1-0

[Event "Wch Rapid"]
[Site "Samarkand"]
[Date "2023.12.26"]
[Round "3"]
[White "Chigaev, Maksim"]
[Black "Isanzhulov, Arystan"]
[Result "1-0"]
[WhiteElo "2621"]
[BlackElo "2407"]
[PlyCount "99"]
[EventDate "2023.12.26"]
[EventType "swiss (rapid)"]
[EventRounds "13"]
[EventCountry "UZB"]
[SourceTitle "CB01_2024"]
[SourceDate "2024.01.03"]
[SourceVersion "1"]
[SourceVersionDate "2024.01.03"]
[SourceQuality "1"]

1. c4 e5 2. g3 Nf6 3. Bg2 Nc6 4. Nf3 g6 5. 0-0 Bg7 6. Nc3 0-0 7. d4 d6 8. b3 Nxd4 9. Nxd4 exd4 10. Qxd4 Ne4 11. Qxe4 Bxc3 12. Rb1 Re8 13. Bg5 Bf5 14. Qxf5 gxf5 15. Bxd8 Raxd8 16. e3 c6 17. Rfd1 a5 18. a3 Kg7 19. b4 axb4 20. axb4 Re7 21. b5 c5 22. Rd3 Be5 23. Ra3 b6 24. Ra6 Rb8 25. Rd1 Kg6 26. Rd5 Kg7 27. Bf1 Ree8 28. Bd3 Ra8 29. Rxb6 Re7 30. Ra6 Rb8 31. Bxf5 h6 32. Kg2 Kf8 33. f4 Bc3 34. e4 h5 35. h4 Kg7 36. Rdxd6 Rg8 37. e5 Be1 38. Kf3 Ree8 39. Rd1 Bc3 40. Rd7 Kf8 41. e6 fxe6 42. Bxe6 Rg7 43. Rxg7 Kxg7 44. Ra7+ Kf6 45. Bf7 Rh8 46. Bd5 Rb8 47. Ra6+ Ke7 48. b6 Kd6 49. b7+ Kc7 50. Ra8 1-0

[Event "Wch Rapid"]
[Site "Samarkand"]
[Date "2023.12.26"]
[Round "5"]
[White "Sandipan, Chanda"]
[Black "Isanzhulov, Arystan"]
[Result "1-0"]
[WhiteElo "2486"]
[BlackElo "2407"]
[PlyCount "119"]
[EventDate "2023.12.26"]
[EventType "swiss (rapid)"]
[EventRounds "13"]
[EventCountry "UZB"]
[SourceTitle "CB01_2024"]
[SourceDate "2024.01.03"]
[SourceVersion "1"]
[SourceVersionDate "2024.01.03"]
[SourceQuality "1"]

1. d4 Nf6 2. c4 d6 3. Nc3 Bf5 4. f3 e5 5. e4 exd4 6. Qxd4 Be6 7. Be3 g6 8. Qd2 Bg7 9. Bd3 0-0 10. Nge2 Nbd7 11. b3 c6 12. Rd1 d5 13. exd5 cxd5 14. cxd5 Bxd5 15. Bxg6 hxg6 16. Nxd5 Nxd5 17. Qxd5 Qe7 18. Bg5 Qb4+ 19. Qd2 Qxd2+ 20. Rxd2 Ne5 21. Kf2 a5 22. a4 Ra6 23. Nd4 Rc8 24. Nb5 Re6 25. Rhd1 Nc6 26. Be3 Rce8 27. Bf4 Rf6 28. g3 Bf8 29. Nd6 Ree6 30. Nxb7 Bb4 31. Re2 Bc3 32. Rxe6 Rxe6 33. Nd8 Nxd8 34. Rxd8+ Kg7 35. Bd2 Rc6 36. Rd3 Bxd2 37. Rxd2 Rc3 38. Rb2 Kh6 39. h4 g5 40. hxg5+ Kxg5 41. b4 axb4 42. Rxb4 Ra3 43. Rg4+ Kf5 44. Rf4+ Kg6 45. Ke2 f6 46. g4 Kg7 47. Kd2 Rb3 48. Kc2 Re3 49. Kb2 Re5 50. Kb3 Kf7 51. Kb4 Rd5 52. a5 Ke7 53. Rc4 Kd7 54. a6 Rd1 55. Kb5 Rb1+ 56. Rb4 Ra1 57. Ra4 Rb1+ 58. Kc5 Rb8 59. a7 Ra8 60. Kb6 1-0

[Event "KAZ-ch"]
[Site "Astana"]
[Date "2023.12.22"]
[Round "12"]
[White "Zhalmakhanov, Ramazan"]
[Black "Isanzhulov, Arystan"]
[Result "1/2-1/2"]
[WhiteElo "2493"]
[BlackElo "2407"]
[PlyCount "66"]
[EventDate "2023.12.13"]
[EventType "tourn"]
[EventRounds "13"]
[EventCountry "KAZ"]
[EventCategory "6"]
[SourceTitle "CB52_2023"]
[SourceDate "2023.12.27"]
[SourceVersion "1"]
[SourceVersionDate "2023.12.27"]
[SourceQuality "1"]

1. e4 e6 2. d4 d5 3. Nc3 Nf6 4. e5 Nfd7 5. Nce2 c5 6. c3 Nc6 7. f4 Be7 8. Nf3 0-0 9. Be3 b5 10. g4 f6 11. Bg2 cxd4 12. Nexd4 Nxd4 13. Nxd4 Nxe5 14. fxe5 fxe5 15. Nf5 Bh4+ 16. Ng3 Ba6 17. b4 Rc8 18. Rc1 Rc4 19. Rf1 Rff4 20. Qe2 Bc8 21. Bf3 Rf7 22. Bg2 Rff4 23. Bf3 g6 24. Kf2 Rf7 25. Kg1 Bg5 26. Qd2 Qb6 27. Rce1 Bxe3+ 28. Rxe3 Bb7 29. Kg2 Qc7 30. Qe1 d4 31. cxd4 exd4 32. Rd3 e5 33. Kh3 Rc2 1/2-1/2

[Event "Wch U20 Blitz"]
[Site "Pula"]
[Date "2023.10.15"]
[Round "11"]
[White "Isanzhulov, Arystan"]
[Black "Sahidi, Samir"]
[Result "1/2-1/2"]
[WhiteElo "2439"]
[BlackElo "2476"]
[PlyCount "110"]
[EventDate "2023.10.14"]
[EventType "swiss (blitz)"]
[EventRounds "11"]
[EventCountry "ITA"]
[SourceTitle "Mega2024 Update 01"]
[Source "Chessbase"]
[SourceDate "2023.11.12"]
[SourceVersion "1"]
[SourceVersionDate "2023.11.12"]
[SourceQuality "1"]

1. e4 c6 2. Nf3 d5 3. Nc3 Bg4 4. h3 Bxf3 5. Qxf3 e6 6. g3 Nf6 7. Bg2 Nbd7 8. 0-0 Be7 9. Rd1 d4 10. Nb1 0-0 11. d3 Ne8 12. a4 Bg5 13. Nd2 Nd6 14. h4 Bh6 15. b3 c5 16. Qe2 e5 17. Nc4 Bxc1 18. Nxd6 Bb2 19. Rab1 Bc3 20. Rf1 Nb6 21. Nf5 g6 22. Nh6+ Kg7 23. Ng4 Qe7 24. Kh1 h5 25. Nh2 Nd7 26. Bh3 Rad8 27. Bxd7 Rxd7 28. Kg2 Ba5 29. Nf3 Bc7 30. Nd2 b6 31. Nc4 a6 32. Ra1 Qe6 33. Nd2 Re7 34. Nf3 Qc6 35. Ng5 Ree8 36. Qf3 f6 37. Nh3 Qd7 38. Rae1 Qg4 39. Qxg4 hxg4 40. Ng1 b5 41. axb5 axb5 42. Ra1 Ra8 43. f3 gxf3+ 44. Nxf3 Ba5 45. g4 Bc3 46. Rxa8 Rxa8 47. g5 fxg5 48. Nxg5 Ra2 49. Rf2 Be1 50. Ne6+ Kh7 51. Rf7+ Kh8 52. Rf8+ Kh7 53. Rf7+ Kh8 54. Rf8+ Kh7 55. Rf7+ Kh8 1/2-1/2

[Event "Wch U20 Blitz"]
[Site "Pula"]
[Date "2023.10.14"]
[Round "2"]
[White "Muradli, Mahammad"]
[Black "Isanzhulov, Arystan"]
[Result "1-0"]
[WhiteElo "2550"]
[BlackElo "2439"]
[PlyCount "119"]
[EventDate "2023.10.14"]
[EventType "swiss (blitz)"]
[EventRounds "11"]
[EventCountry "ITA"]
[SourceTitle "Mega2024 Update 01"]
[Source "Chessbase"]
[SourceDate "2023.11.12"]
[SourceVersion "1"]
[SourceVersionDate "2023.11.12"]
[SourceQuality "1"]

1. d4 Nf6 2. c4 d6 3. Nf3 g6 4. Nc3 Bf5 5. Nh4 Bd7 6. e4 e5 7. Nf3 Nc6 8. Be2 Bg7 9. Be3 0-0 10. d5 Nb8 11. Nd2 a5 12. c5 dxc5 13. Bxc5 Re8 14. 0-0 Na6 15. Be3 Bf8 16. Rc1 Nc5 17. Qc2 a4 18. h3 c6 19. dxc6 Bxc6 20. Rfd1 Ne6 21. Nf3 Qb8 22. Bb5 Kg7 23. Bxa4 Rxa4 24. Nxa4 Bxe4 25. Qe2 Nf4 26. Bxf4 exf4 27. Qb5 Bxf3 28. gxf3 Re5 29. Qb6 Qa8 30. b3 Qe8 31. Rd8 Rg5+ 32. Kf1 Qe7 33. Re1 Rg1+ 34. Kxg1 Qxe1+ 35. Kg2 Qe5 36. Qd4 Qg5+ 37. Kf1 Qf5 38. Kg2 Qg5+ 39. Kh2 b5 40. Nc3 Bc5 41. Ne4 Bxd4 42. Nxg5 Bxf2 43. a4 Bh4 44. a5 Bxg5 45. a6 Ng4+ 46. hxg4 Bxd8 47. a7 b4 48. a8Q Bf6 49. Qe4 Bc3 50. Qxf4 h6 51. Kg2 g5 52. Qf5 Kg8 53. Kf2 Kf8 54. Ke3 Ke7 55. Ke4 Kf8 56. Kd5 Ke7 57. Qe4+ Kf6 58. Kd6 Kg7 59. Ke7 Bf6+ 60. Ke8 1-0